1272 1875 1109 1711 1333 1755 1469 1174 1099 1246 1842 1253 1940 1759 1584 1925 1066 1601 1575 1574 1617 1007 1579 1146 1545 1635 1274 1538 1828 1048 1740 1269 1773 1983 1181 1256 1885 1885 1444 1141 1423 1375 1664 1912 1208 1905 1935 1754 1043 1055 1292 1023 1574 1641 1938 1005 1559 1057 1293 1716 1931 1449 1793 1572 1940 1061 1938 1409 1992 1529 1834 1290 1916 1616 1318 1710 1952 1112 1363 1581 1312 1534 1726 1762 1994 1647 1827 1219 1285 1952 1167 1852 1821 1863 1649 1486 1085 1210 1964 BCNSPRNW ULIB Ver.6.0+V

เปลี่ยนเป็นภาษาไทย

Change to English
 แสดงรายละเอียดบรรณานุกรม
  กลับหน้าหลัก

Brief Record : Get Marc (ISO 2709) : E-mail record : QR code < ปิดหน้าต่าง
LEADER : 00000nam 2200000uu 4500
001    13399122399
003     ULIB
008    130319s2550||||th 000 0 tha d
020    ^a9789743264504
050  4 ^aHA36^bก351ก
245 00 ^aการสำรวจค่าใช้จ่ายและบุคลากรทางการวิจัยและพัฒนาของประเทศไทย ประจำปี 2550 =^b2007 National survey on R&D expenditure and personnel of Thailand /^cกองนโยบายและวางแผนการวิจัย สำนักงานคณะกรรมการวิจัยแห่งชาติ กระทรวงวิทยาศาสตร์ เทคโนโลยีและสิ่งแวดล้อม
246 31 ^aNational survey on R&D expenditure and personnel of Thailand
260    ^a[กรุงเทพฯ] :^bโรงพิมพ์ชุมนุมสหกรณ์การเกษตรแห่งประเทศไทย,^c2550
300    ^a 129 หน้า,^bตาราง,แผนภูมิ
500    ^aปีที่พิมพ์ในเลขเรียกหนังสือเป็นปีที่ปรากฏบนหน้าปกใน
500    ^aข้อมูลส่วนใหญ่เป็นตาราง
650  7 ^aนักวิจัย^zไทย^xค่าใช้จ่าย^vการสำรวจ
650  7 ^aนักวิจัย^zไทย^xค่าใช้จ่าย^vสถิติ
710 2  ^aสำนักงานคณะกรรมการวิจัยแห่งชาติ.^bกองนโยบายและวางแผนการวิจัย
740 02 ^a2001 National survey on R&D expenditure and personnel of Thailand
945    ^p0^l0^i033628
999    ^aเกษร
รายการนี้ยังไม่มีแท็ก
คุณยังไม่ได้ล็อกอิน คุณสามารถมีกิจกรรมร่วมกับเว็บไซต์ได้ แต่ต้องล็อกอินก่อน ::
  ล็อกอิน

รายการสื่อสารสนเทศ

ลำดับที่ ประเภท เลขเรียก/บาร์โค้ด สถานที่ สถานะ
1. การศึกษาทั่วไป
การศึกษาทั่วไป
HA36 ก351ก  
  Barcode: 033628
ห้องสมุดวิทยาเขตสวรรค์ประชารักษ์
►หนังสือทั่วไป
บนชั้น

BibComment


ยังไม่เคยถูกคอมเมนท์

คอมเมนท์ทรัพยากรรายการนี้
  คอมเมนท์: การสำรวจค่าใช้จ่..


 Copyright 2026. Bcnsprnw @Library